| 000 | 00510nam a22001337a 4500 | ||
|---|---|---|---|
| 008 | 230606b |||||||| |||| 00| 0 eng d | ||
| 040 |
_aNational Science Library _cNational Science Library |
||
| 080 |
_a616.24(082.2) _bP3 |
||
| 245 |
_aChest disease and allied sciences: _bSouvenir and abstracts _c/ International conference on chest disease and allied sciences 12-14 January, 2003 |
||
| 260 |
_aDelhi: _bVallabhbhai Patel Chest Institute, _c2003 |
||
| 300 | _a110p. | ||
| 650 | _aConference | ||
| 942 |
_2udc _cPR |
||
| 999 |
_c39974 _d39974 |
||